| 000 | 00353nam a2200133 4500 | ||
|---|---|---|---|
| 999 |
_c9595 _d9595 |
||
| 003 | OSt | ||
| 005 | 20210705115400.0 | ||
| 008 | 210705b ||||| |||| 00| 0 eng d | ||
| 020 | _a9780367075224 | ||
| 082 |
_a725.51 _bWIL |
||
| 100 | _aWilhelm, Jacob J.; Battisto, Dina | ||
| 245 | _aArchitecture and health : guiding principles for practice | ||
| 942 | _2ddc | ||